| 000 | 00000nam 2200000za 4500 |
| 001 | 9.846628 |
| 003 | CaOODSP |
| 005 | 20241203113640 |
| 007 | cr ||||||||||| |
| 008 | 171106s1997 onca|||fo f000 0 eng d |
| 040 | |aCaOODSP|beng |
| 043 | |an-cn-on |
| 086 | 1 |aEn13-5/97-124E-PDF |
| 100 | 1 |aTwiss, Michael R. |
| 245 | 10|aLimitation by iron of phytoplankton from the open waters of Lake Erie |h[electronic resource] / |cMichael R. Twiss, Jean-Christian Auclair & Murray Charlton. |
| 260 | |aBurlington, Ont. : |bNational Water Research Institute,|c1997. |
| 300 | |a16 p. : |bill. |
| 490 | 1 |aNWRI contribution ; |v97-124 |
| 500 | |aDigitized edition from print [produced by Environment and Climate Change Canada]. |
| 504 | |aIncludes bibliographical references. |
| 520 | 0 |a"Experiments in Lake Erie during 1996 indicated that algae growth was limited by iron availability. This is important because the algae are usually thought to be limited by phosphorus. The phosphorus limitation phenomenon is so well accepted that fishing interests are beginning to suggest that waning fish production is a sign that phosphorus controls under the Great Lakes Water Quality Agreement went too far"--Management perspective. |
| 692 | 07|2gccst|aWater quality |
| 692 | 07|2gccst|aWater pollution |
| 700 | 1 |aAuclair, J. C. |q(Jean Christian) |
| 700 | 1 |aCharlton, Murray N. |
| 710 | 1 |aCanada. |bEnvironment Canada. |
| 710 | 2 |aNational Water Research Institute (Canada) |
| 830 | #0|aNWRI contribution ;|vno. 97-124|w(CaOODSP)9.844121 |
| 856 | 40|qPDF|s1.22 MB|uhttps://publications.gc.ca/collections/collection_2017/eccc/En13-5-97-124-eng.pdf |